A devizahitel-válság, annak hatásai és kezelése Magyarországon

Bibliográfiai részletek
Szerző: Naphegyi Fruzsina
További közreműködők: Vallyon Dr. Andrea
Dokumentumtípus: Diplomadolgozat
Kulcsszavak:Devizahitel
Deviza
Gazdasági válság
Magyarország
Online Access:http://dolgozattar.uni-bge.hu/481

MARC

LEADER 00000nta a2200000 i 4500
001 dolg481
005 20151007100846.0
008 150305suuuu hu om 000 hun d
040 |a BGE Dolgozattár Repozitórium  |b hun 
041 |a hu 
100 1 |a Naphegyi Fruzsina 
245 1 2 |a A devizahitel-válság, annak hatásai és kezelése Magyarországon  |c Naphegyi Fruzsina  |h [elektronikus dokumentum] 
695 |a Devizahitel 
695 |a Deviza 
695 |a Gazdasági válság 
695 |a Magyarország 
700 1 |a Vallyon Dr. Andrea  |e ths 
856 4 0 |u http://dolgozattar.uni-bge.hu/481/1/SzakdolgozatN4L5YJ.pdf  |z Dokumentum-elérés